000 00817cab a2200253 4500
001 ABS57044
008 090401t1997 xxu||||| |||| 00| 0 eng d
035 _a(Sirsi) u98411
041 _aeng
100 _aArens, S.B.
245 4 _aThe valuation of defective properties: a common sense approach
260 _c1997
350 _a0
490 _aAppraisal Journal
_v65(2) April 1997, 143-148(6)
520 _aA basic valuation model aimed at helping with the valuation of problem properties, such as those with contamination or construction defects. Includes a case study.
650 _aCONSTRUCTION DEFECTS
650 _aCONTAMINATED PROPERTY
650 _aDEFECTIVE PROPERTY
650 _aMODELS
650 _aValuation
_96273
690 _aRATING AND VALUATION
942 _n0
948 _c30/05/1997
999 _c59805
_d59805